| 000 | 00532nam a2200193Ia 4500 | ||
|---|---|---|---|
| 999 |
_c8779 _d8779 |
||
| 003 | OSt | ||
| 005 | 20210726143026.0 | ||
| 008 | 151021s9999 xx 000 0 und d | ||
| 020 | _a820474525 | ||
| 040 |
_aMMU _beng _cMMU _dMMU |
||
| 050 | _aPN 4731 .Q56 2005 | ||
| 100 | _aQuinn Stephen | ||
| 245 |
_aConvergent Journalism : _bThe Fundamentals of Multimedia Reporting/ |
||
| 260 |
_aNew York : _bPeter Lang; _c 2005. |
||
| 300 | _axii,256 p. : | ||
| 500 | _aIncludes index | ||
| 650 | _aJournalism | ||
| 942 |
_2lcc _cLOAN LOAN |
||